[Event "Charleroi op 5th"]
[Site "Charleroi"]
[Date "2006.08.04"]
[Round "8"]
[White "Hanley, James L"]
[Black "Guebel, Yves"]
[Result "1-0"]
[WhiteElo "2155"]
[BlackElo "1978"]
[PlyCount "51"]
[EventDate "2006.07.29"]
[EventType "swiss"]
[EventRounds "9"]
[EventCountry "BEL"]
[SourceTitle "CBM 113 Extra"]
[Source "ChessBase"]
[SourceDate "2006.09.14"]
[SourceVersion "1"]
[SourceVersionDate "2006.09.14"]
[SourceQuality "1"]

1. e4 c5 2. Nf3 d6 3. d4 cxd4 4. Nxd4 Nf6 5. Nc3 a6 6. a4 Nc6 7. Nxc6 bxc6 8. Be2 e6 9. Be3 Rb8 10. 0-0 Rxb2 11. a5 Nd7 12. Qd2 Be7 13. Na4 Rb8 14. Ba7 Ra8 15. Bd4 e5 16. Bb6 Nxb6 17. Nxb6 Rb8 18. Qc3 Bb7 19. Bxa6 Bxa6 20. Qxc6+ Kf8 21. Nd7+ Kg8 22. Nxb8 Bxf1 23. Kxf1 Qxb8 24. a6 Qb2 25. Qe8+ Bf8 26. Qa4 1-0

[Event "Charleroi op 4th"]
[Site "Charleroi"]
[Date "2005.08.03"]
[Round "6"]
[White "Guebel, Yves"]
[Black "Moga, Christoph"]
[Result "1-0"]
[WhiteElo "1987"]
[BlackElo "1689"]
[PlyCount "53"]
[EventDate "2005.07.30"]
[EventType "swiss"]
[EventRounds "9"]
[EventCountry "BEL"]
[SourceTitle "EXT 2006"]
[Source "ChessBase"]
[SourceDate "2005.11.24"]
[SourceVersion "1"]
[SourceVersionDate "2005.11.24"]
[SourceQuality "1"]

1. e4 e5 2. Nf3 Nc6 3. Bb5 a6 4. Ba4 Nf6 5. 0-0 b5 6. Bb3 Nxe4 7. d4 d5 8. dxe5 Be6 9. Nbd2 Nc5 10. c3 Be7 11. Bc2 Bg4 12. Qe1 Ne6 13. b4 Qd7 14. a4 0-0 15. axb5 axb5 16. Rxa8 Rxa8 17. Qe2 g6 18. h3 Bh5 19. Qxb5 Nf4 20. Kh2 g5 21. Nd4 g4 22. Qxc6 Qc8 23. Bf5 Qf8 24. hxg4 Bg6 25. N2f3 Ra1 26. Kg1 Ra2 27. Bxf4 1-0

[Event "Charleroi op 3rd"]
[Site "Charleroi"]
[Date "2004.08.07"]
[Round "9"]
[White "Guebel, Yves"]
[Black "Van Uytven, Eric"]
[Result "0-1"]
[WhiteElo "2032"]
[BlackElo "2171"]
[PlyCount "86"]
[EventDate "2004.07.03"]
[EventType "swiss"]
[EventRounds "9"]
[EventCountry "BEL"]
[SourceTitle "CBM 101 Extra"]
[Source "ChessBase"]
[SourceDate "2004.09.01"]
[SourceVersion "2"]
[SourceVersionDate "2004.09.01"]
[SourceQuality "1"]

1. e4 c5 2. Nf3 e6 3. d4 cxd4 4. Nxd4 Nc6 5. Nb5 Nf6 6. N1c3 Bc5 7. Nd6+ Ke7 8. Nxc8+ Rxc8 9. Bd3 Qc7 10. Bg5 h6 11. Bh4 a6 12. a3 Bd6 13. Bg3 h5 14. Bxd6+ Qxd6 15. Qd2 g5 16. h4 g4 17. Ne2 Ne5 18. Ng3 Qd4 19. 0-0 Ng6 20. Ne2 Qe5 21. g3 Nxe4 22. Qb4+ Nc5 23. Bxg6 fxg6 24. Nf4 Kf7 25. Rfe1 Qf5 26. Qd2 d5 27. b4 Ne4 28. Qe2 Rc4 29. Rad1 Nc3 30. Qd2 Nxd1 31. Qxd1 Re4 32. Rf1 Rxf4 33. gxf4 Qxf4 34. Qd3 Rf8 35. b5 Qc4 36. Qe3 axb5 37. Re1 Qe4 38. Qd2 Qf5 39. Qa5 Kg8 40. Qb6 e5 41. Re2 g3 42. Qe3 gxf2+ 43. Kf1 Kh7 0-1